| Поле | Название | Значение |
| |
Тип записи |
a |
| |
Библиографический уровень |
m |
| 001 |
Контрольный номер |
LIBNET\0000510522 |
| 005 |
Дата корректировки |
20201206205033.9 |
| 010 |
Индекс ISBN |
__ |
| a |
ISBN |
978-5-16-005304-2 (в пер.) |
| d |
Цена |
343-99 |
| 100 |
Данные общей обработки |
__ |
| a |
Данные общей обработки |
19161213d2014####||| 0rusy0189 ca |
| 101 |
Язык документа |
0_ |
| a |
Язык текста |
rus |
| 102 |
Страна публикации |
__ |
| a |
Страна публикации |
RU| |
| 105 |
Кодированные данные (монография) |
__ |
| a |
Кодированные данные (монография) |
a|||j|||||1zy |
| 200 |
Заглавие и сведения об ответственности |
1_ |
| a |
Заглавие |
Основы самоменеджмента |
| e |
Сведения, относящиеся к заглавию |
учебник : для студентов высших учебных заведений, обучающихся по специальности 080502.65 "Экономика и управление на предприятии (полиграфия)", направления 080500.62 "Менеджмент" |
| f |
Первые сведения об ответственности |
И. И. Исаченко |
| b |
Общее обозначение материала |
Текст |
| 210 |
Выходные данные |
__ |
| a |
Место издания |
Москва |
| c |
Издательство |
Инфра-М |
| d |
Дата издания |
2014 |
| 215 |
Физическое описание |
__ |
| a |
Объем |
310, [1] с. |
| c |
Иллюстрации/тип воспроизводства |
ил. |
| d |
Формат |
22 см |
| 225 |
Серия |
__ |
| a |
Серия |
Высшее образование |
| 300 |
Общие примечания |
__ |
| a |
Общие примечания |
500 экз. |
| 320 |
Библиография |
__ |
| a |
Библиография |
Библиогр.: с. 310-311 (29 назв.) |
| 330 |
Аннотация |
__ |
| a |
Аннотация |
Дается целостное представление о сущности самоменеджмента, его функциях, целях, применяемых техниках. Рассматриваются вопросы определения жизненных целей и построения успешной карьеры, планирования личной работы и выработки собственного рабочего стиля менеджера, мотивации и самосовершенствования. Предлагаемая логика реализации самоменеджмента ориентирована на обучение эффективному использованию времени, целеустремленной работе с ежедневным достижением успеха. Предназначен для студентов, аспирантов, слушателей факультетов повышения квалификации управленческих специальностей, менеджеров-практиков, а также всех занимающихся саморазвитием и самовоспитанием. |
| 606 |
Тематические рубрики |
__ |
| a |
Основная рубрика |
Психология |
| 606 |
Тематические рубрики |
__ |
| a |
Основная рубрика |
Социальная психология |
| 610 |
Ключевые слова |
__ |
| a |
Ключевые слова |
достижение успеха |
| a |
Ключевые слова |
жизненные цели |
| a |
Ключевые слова |
коммуникативные способности |
| a |
Ключевые слова |
креативность |
| a |
Ключевые слова |
личностные качества |
| a |
Ключевые слова |
межличностное общение |
| a |
Ключевые слова |
межличностные коммуникации |
| a |
Ключевые слова |
менеджеры |
| a |
Ключевые слова |
организация труда |
| a |
Ключевые слова |
персональный менеджмент |
| a |
Ключевые слова |
планирование карьеры |
| a |
Ключевые слова |
продуктивность |
| a |
Ключевые слова |
профессиональный самоменеджмент |
| a |
Ключевые слова |
психологические установки |
| a |
Ключевые слова |
психология управления |
| a |
Ключевые слова |
психотехнологии |
| a |
Ключевые слова |
развитие памяти |
| a |
Ключевые слова |
руководители |
| a |
Ключевые слова |
самовоспитание |
| a |
Ключевые слова |
самоконтроль |
| a |
Ключевые слова |
самоменеджмент |
| a |
Ключевые слова |
самообразование |
| a |
Ключевые слова |
самоорганизованность |
| a |
Ключевые слова |
саморазвитие |
| a |
Ключевые слова |
служебная карьера |
| a |
Ключевые слова |
стили руководства |
| a |
Ключевые слова |
тайм-менеджмент |
| a |
Ключевые слова |
управление карьерой |
| 686 |
Индексы других классификаций |
__ |
| 2 |
Код системы |
rubbks |
| a |
Классификационный индекс |
88.532я73 |
| 700 |
Автор |
_1 |
| a |
Фамилия |
Исаченко |
| b |
Имя |
И. И. |
| g |
Полное личное имя |
Игорь Иванович |
| 4 |
Код отношения |
070 |
| 801 |
Источник записи |
_0 |
| a |
Страна |
RU |
| b |
Организация |
Муниципальное бюджетное учреждение культуры "Централизованная библиотечная система" г. Сургут (Центральная городская библиотека им. А. С. Пушкина) |
| c |
Дата составления |
20161213 |
| g |
Правила каталогизации |
КиК/Коробейникова |
| 801 |
Источник записи |
_1 |
| a |
Страна |
RU |
| b |
Организация |
Муниципальное бюджетное учреждение культуры "Централизованная библиотечная система" г. Сургут (Центральная городская библиотека им. А. С. Пушкина) |
| c |
Дата составления |
20161213 |
| g |
Правила каталогизации |
КиК/Коробейникова |
| 852 |
Данные о местонахождении |
__ |
| j |
Шифр хранения |
88.532я73 |
| i |
Авторский знак |
И 85 |
| 901 |
Тип документа |
__ |
| t |
Тип документа |
m |
| 903 |
Характеристики (МАРС) |
__ |
| a |
Дата передачи |
20161213 |
| 969 |
Тип издания |
__ |
| a |
Тип издания |
учебник |
| 990 |
Данные о заказе (DOS) |
__ |
| j |
Количество экземпляров (DOS) |
2 |
| t |
N записи в КСУ для И/У (DOS) |
201701 |